| 000 | 01157nam a2200313 4500 | ||
|---|---|---|---|
| 003 | OSt | ||
| 005 | 20260530113859.0 | ||
| 008 | 260424b1973 enk |||| |||| 00| 0 eng d | ||
| 020 | _a0710078110 | ||
| 040 |
_aICI _bspa _cICI |
||
| 041 | _aeng | ||
| 050 |
_aBP605.G8 _bV54 1973 |
||
| 100 | 1 |
_aGeorge Ivánovich, Gurdjieff, _eautor _932055 |
|
| 245 | 1 | 0 |
_aViews from the real world : _bEarly talks in Moscow, Essentuki, Tiflis, berlin, London, Paris, New Yprk and Chicago as recollected by His Pupils / _cGurdjieff ; foreword Jeanne de Salzmann |
| 264 | 1 |
_bRoutledge & Kegan Paul, _c1973 _aLondon : |
|
| 300 | _a284 páginas | ||
| 336 |
_atexto _2rdacontent |
||
| 337 |
_asin medio _2rdamedia |
||
| 338 |
_avolumen _2rdacarrier |
||
| 500 | _aCompilación de enseñanzas y charlas tempranas de Gurdjieff | ||
| 650 | 4 |
_aCuarto Camino (Enseñanzas de Gurdjieff) _932056 |
|
| 650 | 4 |
_aFilosofía espiritual _932057 |
|
| 650 | 4 |
_aAutoconocimiento _932058 |
|
| 650 | 4 |
_aDesarrollo espiritual _932059 |
|
| 650 | 4 |
_aMisticismo _917692 |
|
| 655 |
_2local _aObras espirituales _932060 |
||
| 700 | 1 |
_aSalzmann, Jeanne de, _eprologuista _932061 |
|
| 942 |
_2lcc _cBK _n1 |
||
| 999 |
_c11715 _d11715 |
||